| 000 | 00920nam a22002417a 4500 | ||
|---|---|---|---|
| 005 | 20120214145756.0 | ||
| 008 | 120214s2012 xxu|||||r|||| 001 0 eng d | ||
| 020 | _a0205101941 | ||
| 020 | _a9780205101948 | ||
| 082 |
_222 _a302.2 _bDEV |
||
| 100 |
_928912 _aDeVito, Joseph A. |
||
| 245 |
_aHuman Communication : _bthe Basic Course / _cJoseph A. DeVito. |
||
| 250 | _a12th ed. | ||
| 260 |
_aBoston : _bAllyn & Bacon, _c2012. |
||
| 300 |
_axxii, 474 p. : _bcol. ill. ; _c28 cm. |
||
| 500 | _aInternational ed. | ||
| 500 | _aPrevious ed.: London: Pearson/Allyn and Bacon, 2009. | ||
| 504 | _aIncludes bibliographical references and index. | ||
| 650 |
_913476 _aCommunication. |
||
| 653 |
_bNUR _cFebruary2012 |
||
| 942 |
_2ddc _cBB |
||
| 999 |
_c16463 _d16463 |
||